| 000 | 01569nam a2200445 c 4500 | ||
|---|---|---|---|
| 001 | 52316 | ||
| 003 | ES-MaCES | ||
| 005 | 20251115040005.0 | ||
| 008 | 220607s2021 sp 000 | spa d | ||
| 017 |
_aMU 1135-2021 _bDL |
||
| 020 | _a9788417789930 | ||
| 040 |
_aES-MaCES _bspa _cES-MaCES |
||
| 245 | 0 | 3 |
_aLa revolución de las formas de empleo en el siglo XXI _cJavier Calvo Gallego, Macarena Hernández Bejarano, Miguel Rodríguez-Piñero Royo (dirs.) ; autores, María del Carmen Aguilar del Castillo ... [et al.] |
| 250 | _a1ª ed | ||
| 260 |
_aMurcia _bLaborum _c2021 |
||
| 300 |
_a312 p. _c25 cm |
||
| 504 | _aBibliografía | ||
| 541 | _cCompra | ||
| 650 | 4 |
_aempleo _928299 |
|
| 650 | 4 |
_amercado de trabajo _928292 |
|
| 650 | 4 |
_aexperiencia profesional _929012 |
|
| 650 | 4 |
_acontrato de aprendizaje _929927 |
|
| 650 | 4 |
_aeconomía colaborativa _937923 |
|
| 650 | 4 |
_ateletrabajo _929568 |
|
| 650 | 4 |
_anuevas tecnologías _930788 |
|
| 650 | 4 |
_atecnología de la información _930104 |
|
| 650 | 4 |
_acondiciones de trabajo _928327 |
|
| 650 | 4 |
_acondiciones de empleo _930040 |
|
| 650 | 4 |
_aempleo precario _930171 |
|
| 650 | 4 |
_aderecho del trabajo _927165 |
|
| 650 | 4 |
_afuturo del trabajo _930756 |
|
| 650 | 4 |
_aS. XXI _931215 |
|
| 653 | 1 | 0 | _aEmpleo |
| 700 | 1 |
_98760 _aCalvo Gallego, Francisco Javier _edir. |
|
| 700 | 1 |
_914664 _aHernández Bejarano, Macarena _edir. |
|
| 700 | 1 |
_922411 _aRodríguez-Piñero Royo, Miguel C. _edir. |
|
| 700 | 1 |
_934699 _aAguilar del Castillo María del Carmen |
|
| 902 | _aLIB Libro | ||
| 942 |
_2CES _cBK _h2.1. |
||
| 999 |
_c52316 _d52316 |
||